Italia: guía para vagabundos
Gespeichert in:
| 1. Verfasser: | |
|---|---|
| Format: | Buch |
| Sprache: | Spanisch |
| Veröffentlicht: |
Buenos Aires
Sudamericana
1962
|
| Ausgabe: | 4a. ed |
| Schlagworte: | |
| Tags: |
Tag hinzufügen
Keine Tags, Fügen Sie den ersten Tag hinzu!
|
MARC
| LEADER | 00000nam a2200000 a 4500 | ||
|---|---|---|---|
| 001 | UCZ7726 | ||
| 003 | CL-VaPUC | ||
| 008 | 960109e19620000AG |||||||||||||||||spa|d | ||
| 082 | 0 | 4 | |a 910.202 |b ARC |2 21 |
| 100 | 0 | |a Arciniegas, Germán |e author |9 352724 | |
| 245 | 1 | 0 | |a Italia: guía para vagabundos |
| 250 | |a 4a. ed | ||
| 300 | |a 239 p | ||
| 942 | |c BK | ||
| 945 | |d 19960109 00:00:00 |a rleighto | ||
| 260 | |a Buenos Aires |b Sudamericana |c 1962 | ||
| 650 | 7 | |a GUIAS TURISTICAS |2 CL-VaPUC |9 346990 | |
| 650 | 0 | |a Ciudades |9 265474 | |
| 650 | 7 | |a PLANOS |2 CL-VaPUC |9 260106 | |
| 650 | 0 | |a Arquitectura |9 804558 | |
| 651 | 0 | |a Italia |9 254949 | |
| 583 | |a last modification |c 19960109 00:00:00 |k Rodrigo Vera | ||
| 999 | |c 243762 |d 243760 | ||
| 952 | |0 0 |1 0 |4 0 |6 910_202000000000000_ARC_1962 |7 0 |8 A |9 257558 |a BIBART |b BIBART |d 2019-11-19 |i 3167240 |o 910.202 ARC 1962 |p 3167240 |r 2025-03-13 |w 2019-11-19 |y BK |k ART | ||